| 000 | 00887nam0a22002531 4500 | ||
|---|---|---|---|
| 001 | rc\602981 | ||
| 005 | 20250621181200.0 | ||
| 035 | _a(NLR Aleph) 005847237 | ||
| 090 |
_a5741125 _c5741125 |
||
| 100 | _a20031121d1986 |||y0rusy50 ca | ||
| 101 | 0 | _arus | |
| 102 | _aRU | ||
| 105 | _ay ||||||||| | ||
| 200 | 1 | _aИтерационные методы решения периодических краевых задач для гиперболических уравнений в частных производных | |
| 210 |
_aМинск _cИФ _d1986 |
||
| 215 |
_a35 с. _d20 |
||
| 225 | 1 |
_aПрепринт _fИн-т физики АН БССР _v№ 444 |
|
| 320 | _aБиблиогр.: с. 35 | ||
| 700 | 1 |
_aЖестков _bС.В. _gСергей Васильевич |
|
| 801 | 0 |
_aRU _bNLR _gpsbo |
|
| 801 | 1 |
_aRU _bELAR _2rusmarc |
|
| 852 |
_aNLR _j88-4/748 |
||
| 942 | _cBOOK | ||
| 980 | _aNB | ||